Giáo trình nuôi trồng thủy sản = Aquaculture production
Giáo trình biên soạn gồm 12 chương trình bày các kiến thức về nguyên lý trong nuôi trồng thủy sản và kỹ thuật nuôi các đối tượng thủy sản có giá trị kinh tế như tôm sú, tôm càng xanh...
Đã lưu trong:
| 主要作者: | |
|---|---|
| 格式: | 圖書 |
| 語言: | Undetermined |
| 出版: |
Cần Thơ
Đại học Cần Thơ
2014
|
| 主題: | |
| 標簽: |
添加標簽
沒有標簽, 成為第一個標記此記錄!
|
| Thư viện lưu trữ: | Trung tâm Học liệu Trường Đại học Cần Thơ |
|---|
| LEADER | 00999nam a2200241Ia 4500 | ||
|---|---|---|---|
| 001 | CTU_189842 | ||
| 008 | 210402s9999 xx 000 0 und d | ||
| 020 | |c 41500 | ||
| 082 | |a 639.8 | ||
| 082 | |b Ph561 | ||
| 100 | |a Nguyễn, Thanh Phương | ||
| 245 | 0 | |a Giáo trình nuôi trồng thủy sản = | |
| 245 | 0 | |b Aquaculture production | |
| 245 | 0 | |c Nguyễn Thanh Phương (Chủ biên) | |
| 260 | |a Cần Thơ | ||
| 260 | |b Đại học Cần Thơ | ||
| 260 | |c 2014 | ||
| 520 | |a Giáo trình biên soạn gồm 12 chương trình bày các kiến thức về nguyên lý trong nuôi trồng thủy sản và kỹ thuật nuôi các đối tượng thủy sản có giá trị kinh tế như tôm sú, tôm càng xanh... | ||
| 526 | |a Hệ thống thủy sản | ||
| 526 | |b TS623 | ||
| 650 | |a Nuôi trồng thủy sản,Aquaculture | ||
| 904 | |i Bằng | ||
| 980 | |a Trung tâm Học liệu Trường Đại học Cần Thơ | ||